The concept of carrying capacity of tourism development in coastal ecosystems : (planning and management problems)

Αποθηκεύτηκε σε:
Λεπτομέρειες βιβλιογραφικής εγγραφής
Κύριος συγγραφέας: Παρπαΐρης, Aπόστολος
Μορφή: Βιβλίο
Γλώσσα:English
Δημοσίευση: Mytilini, Lesvos : University of the Aegean, Department of Environmental Studies, 1998
Θέματα:
Ετικέτες: Προσθήκη ετικέτας
Δεν υπάρχουν, Καταχωρήστε ετικέτα πρώτοι!

MARC

LEADER 00000cam a2200000 i 4500
001 1/20107
008 010710s1998 eng d
035 |l 10067068 
040 |a GR-MY-UA  |b gre  |e aacr 
041 0 |a eng 
082 0 |a 338.4791 
100 1 |a Παρπαΐρης, Aπόστολος. 
245 1 4 |a The concept of carrying capacity of tourism development in coastal ecosystems :  |b (planning and management problems) /  |c Apostolos D. Parpairis 
260 |a Mytilini, Lesvos :   |b University of the Aegean, Department of Environmental Studies,   |c 1998 
300 |a 14 p. 
500 |a Paper presented at the Kriton Curi International Symposium on Environmental Management in the Mediterranean region, June 18-20, 1998, Antalya, Turkey 
650 0 0 |a Tourism  |x Environmental aspects. 
852 |a INST  |b LESVOS  |e 20010710  |h 338.4791 ΠΑΡ  |p 005100028826  |q 005100028826  |t BK  |y 0 
901 |a BIBL1-2001-2 
909 |a Λ  |b 077276 
970 |a ΤΖΑΦΕΡΗ  |b ΕΥΑΓΓΕΛΙΑ  |z 2001/07/10